... घाव करे गंभीरः (Record no. 36691)

MARC details
000 -LEADER
fixed length control field 01103nam a22002537a 4500
005 - DATE AND TIME OF LATEST TRANSACTION
control field 20100611104825.0
008 - FIXED-LENGTH DATA ELEMENTS--GENERAL INFORMATION
fixed length control field 100611t xxu||||| |||| 00| 0 hin d
010 ## - LCCN (DPL NO)
LC control number HIN-89545
020 ## - INTERNATIONAL STANDARD BOOK NUMBER
International Standard Book Number 9788176504638
Terms of availability 135.00
035 ## - SYSTEM CONTROL NUMBER
System control number HN-61891
037 ## - SOURCE OF ACQUISITION
Source of stock number/acquisition DBAD / PUB
040 ## - CATALOGING SOURCE
Original cataloging agency DPL
Language of cataloging HN
082 ## - DEWEY DECIMAL CLASSIFICATION NUMBER
Classification number
100 ## - MAIN ENTRY--PERSONAL NAME
Personal name राज हीरामन
9 (RLIN) 1631
245 ## - TITLE STATEMENT
Title ... घाव करे गंभीरः
Remainder of title (लघु कथा संग्रह) /
Statement of responsibility, etc राज हीरामन
246 ## - VARYING FORM OF TITLE
Title proper/short title Ghav kare Gambhir
Remainder of title by Raj Heeramun
260 ## - PUBLICATION, DISTRIBUTION, ETC. (IMPRINT)
Place of publication, distribution, etc नई दिल्ली
Name of publisher, distributor, etc स्टार पब्लिकेशंस
Date of publication, distribution, etc 2009
270 ## - ADDRESS
Address 4/5-बी, आसफ अली रोड
City नई दिल्ली
Postal code 110002
300 ## - PHYSICAL DESCRIPTION
Extent 139पृ
Dimensions 22सेमी (सजिल्द)
650 ## - SUBJECT ADDED ENTRY--TOPICAL TERM
Topical term or geographic name as entry element लघु कथाएं, हिन्दी
9 (RLIN) 1159
650 ## - SUBJECT ADDED ENTRY--TOPICAL TERM
Topical term or geographic name as entry element short stories, hindi
9 (RLIN) 17766
942 ## - ADDED ENTRY ELEMENTS (KOHA)
Source of classification or shelving scheme Dewey Decimal Classification
Item type Hindi Books
Classification part
Call number suffix राजही
Holdings
Withdrawn status Lost status Source of classification or shelving scheme Damaged status Not for loan Collection code Home library Current library Date acquired Source of acquisition Cost, normal purchase price Total Checkouts Full call number Barcode Date last seen Copy number Cost, replacement price Koha item type
    Dewey Decimal Classification   Not For Loan Fiction D.B.Act.Division D.B.Act.Division 11/06/2010 DBAD / PUB 135.00   क राजही HN-61891 11/06/2010 1 135.00 Hindi Books

© Delhi Public Library
Hit Counter
free hit counter